[Event "Turnier 40 / 120"]
[Site "Wien"]
[Date "2021.06.23"]
[Round "42"]
[White "Mephisto Risc 2"]
[Black "Pewatronic Masterchess 24 MHz"]
[Result "1-0"]
[WhiteElo "2237"]
[BlackElo "2183"]
[PlyCount "45"]
[EventDate "2021.??.??"]

1. e4 c6 2. d4 d5 3. Nc3 dxe4 4. Nxe4 Nf6 5. Nxf6+ exf6 {Buchende Pewatronic}
6. c3 Bd6 {Buchbewertung Pewatronic, -0,2} 7. Bd3 O-O 8. Ne2 Re8 9. O-O {
Buchende Risc II, meiner Meinung nach eine ganz schlechte Eröffnung von
Schwarz, da Weiss am Damenflügel einen sauberen Mehrbauern hat, während der
Schwarze Mehrbauer am Königsflügel aufgrund des Doppelbauern nichts wert ist,
gleich zu Beginn ein Tipp von mir: Es geht in der gleichen Tonart weiter und
der Risc II gewinnt das mit Leichtigkeit.} c5 10. Qc2 {Buchbewertung Risc II,
+0,29, lt. Stockfish steht Weiss besser mit ca. +0,40.} h6 {besser ist g6} 11.
Be3 Qc7 12. h3 Be6 {nach diesem schlechten Zug ist Weiss mit der Fortsetzung
Tad1 ganz klar im Vorteil mit +1,20 lt. Stockfish, deutlich besser ist c4} 13.
Rad1 cxd4 {nach diesem neuerlich grottenschlechten Zug ist Schwarz verloren,
viel besser wäre noch Sa6 gewesen.} 14. Nxd4 Nc6 {der Pewatronic produziert
gravierende Fehler am laufenden Band, auch dieser Zug ist eine wahre
Katastrophe, übersieht den offentsichtlichen Angriff Sb5, der die Partie
endgültig für Weiss entscheidet, nötig war natürlich Ld7, um eben diesen
Zug zu parieren, der Pewatronic kann einem jetzt schön langsam Leid tun, wie
er von seinem Gegner vorgeführt wird, das ist mein letzter Kommentar zu
dieser Partie man wartet nur noch auf das Unvermeidliche Ende.} 15. Nb5 Bh2+
16. Kh1 Qb8 17. f4 a6 18. Nd6 Rd8 19. Bc5 b6 20. Ba3 Bg3 21. Rf3 Bh4 22. Bh7+
Kh8 23. Be4 {den Rest kann man sich schenken, Userentscheid: 1-0} 1-0

[Event "Turnier 40 / 120"]
[Site "Wien"]
[Date "2021.06.24"]
[Round "43"]
[White "Pewatronic Masterchess 24 MHz"]
[Black "Mephisto Risc 2"]
[Result "0-1"]
[WhiteElo "2183"]
[BlackElo "2237"]
[PlyCount "98"]
[EventDate "2021.??.??"]

1. e4 e5 2. Nf3 Nf6 3. d4 Nxe4 4. Bd3 d5 5. Nxe5 Bd6 {Buchende Risc II} 6. Nd2
Bxe5 {Buchbewertung Risc II +0,01} 7. dxe5 Nc5 8. Nf3 {Buchende Pewatronic} Bg4
9. Be2 {Buchbewertung Pewatronic, -0,1 / lt. Stockfish ist die Stellung
ausgeglichen.} Nc6 10. O-O O-O 11. Re1 Re8 12. Bf4 a6 13. a3 Qd7 14. Rc1 Ne6
15. Bg3 Rad8 16. c4 {ein schlechter Zug, mit der Fortsetzung d4 ist Schwarz
klar im Vorteil mit ca. +1,20 lt. Stockfish, nach h3 wäre die Stellung gleich.
} d4 17. Nxd4 Qxd4 {besser ist f5} 18. Bxg4 Qxb2 19. Qf3 Ncd4 20. Qc3 Qxc3 21.
Rxc3 g5 22. Rd1 Nf4 23. Kf1 Rxe5 24. Bxf4 gxf4 25. Bf3 {nach diesem schlechten
Zug kommt der Pewatronic schon wieder auf die Verlierstrasse, Stockfish +1,50
für Schwarz nach Lc8 wäre Weiss nur unwesentlich schlechter gestanden mit ca.
-0,30, und die einseitige jetzt wirklich schon fade Angelegenheit nimmt wieder
seinen Lauf und der Risc II gewinnt neuerlich. (der Risc II hätte den selben
Fehler gemacht, aber dafür kann sich der Pewtronic auch nichts kaufen), das
war es dann wieder mit der Spannung in dieser Partie, ist gelaufen !} b6 {
es gehört nicht viel Phantasie dazu um zu sehen, dass irgendwann c5 seitens
Scharz erfolgt und der Sd4 dann eine Grossmacht darstellt, in meinen Augen
könnte man sich den Rest hier schon schenken, hoffnungslos für Weiss.} 26.
Bb7 a5 27. g3 $2 fxg3 28. fxg3 $2 {um 1,5 Bauerneinheiten schlechter als hxg3,
Stockfish +2,50 für Schwarz, mein letzter Kommentar, interessiert mich nicht
mehr.} Kg7 29. Rcd3 c5 30. h3 Rde8 31. R1d2 R5e7 32. Bd5 a4 33. Rb2 Re3 34.
Rbd2 Re1+ 35. Kg2 R8e2+ 36. Rxe2 Rxe2+ 37. Kf1 Rb2 38. Re3 Ra2 39. Kg1 h6 40.
Kh1 Nc2 41. Re7 Rxa3 42. Rxf7+ Kg6 43. Rb7 Kg5 44. h4+ Kg4 45. Rg7+ Kf5 46.
Rf7+ Ke5 47. Re7+ Kd4 48. Re4+ Kc3 49. Re6 Rb3 {Userentscheid: 0-1, Rest
geschenkt.} 0-1

[Event "Turnier 40 / 120"]
[Site "Wien"]
[Date "2021.06.24"]
[Round "44"]
[White "Mephisto Risc 2"]
[Black "Pewatronic Masterchess 24 MHz"]
[Result "1-0"]
[WhiteElo "2237"]
[BlackElo "2183"]
[PlyCount "50"]
[EventDate "2021.??.??"]

1. d4 Nf6 2. c4 e6 3. Nf3 b6 4. a3 d5 5. cxd5 exd5 6. Nc3 {Buchende} Be7 {
Buchende} 7. Bf4 O-O 8. e3 c5 9. Ne5 Bb7 10. Bd3 Nbd7 11. O-O Nxe5 12. Bxe5 Nd7
13. Bg3 Nf6 14. Qc2 h6 15. Rac1 Nh5 16. Be5 f6 17. Bg3 Nxg3 18. hxg3 cxd4 19.
exd4 Rc8 20. Rfe1 Kh8 21. Qe2 Bd6 22. Qh5 Re8 23. Bf5 Ra8 24. Nb5 Rxe1+ 25.
Rxe1 Bxg3 1-0

[Event "Turnier 40 / 120"]
[Site "Wien"]
[Date "2021.06.24"]
[Round "45"]
[White "Pewatronic Masterchess 24 MHz"]
[Black "Mephisto Risc 2"]
[Result "0-1"]
[WhiteElo "2237"]
[BlackElo "2183"]
[PlyCount "66"]
[EventDate "2021.??.??"]

1. e4 e5 2. Nf3 Nf6 3. d4 Nxe4 4. dxe5 d5 5. Nbd2 Nc5 6. Nb3 Nxb3 7. axb3 Be7 {
Buchende} 8. Bf4 {Buchende} O-O 9. Bd3 Nc6 10. c3 Bg4 11. h3 Bh5 12. O-O h6 13.
g4 Bg6 14. Bxg6 fxg6 15. Bg3 Kh7 16. Nd4 Nxd4 17. cxd4 c5 18. b4 cxb4 19. f4
Qb6 20. Rf3 Rac8 21. Bf2 a6 22. Qb3 Qc6 23. Bg3 $2 Qc2 24. Qxd5 Qxb2 25. Raf1
Rc7 $2 26. Qe4 Rfc8 27. R3f2 Qb3 28. Kh2 Rc3 29. Rb1 Qc4 30. Rd1 b5 31. Qg2 a5
32. Rb2 b3 33. Re2 Rc2 {Userentscheid 0-1, den Rest kann man sich schenken.}
0-1

[Event "Turnier 40 / 120"]
[Site "Wien"]
[Date "2021.06.24"]
[Round "46"]
[White "Mephisto Risc 2"]
[Black "Pewatronic Masterchess 24 MHz"]
[Result "1-0"]
[WhiteElo "2237"]
[BlackElo "2183"]
[PlyCount "44"]
[EventDate "2021.??.??"]

1. e4 c6 2. d4 d5 3. Nc3 dxe4 4. Nxe4 Bf5 5. Ng3 Bg6 6. h4 h6 7. h5 Bh7 8. Nf3
Nd7 9. Bd3 Bxd3 10. Qxd3 Qc7 11. Bd2 {Buchende} Ngf6 12. O-O-O e6 {Buchende}
13. Rde1 O-O-O 14. Qe2 Bd6 15. Ne5 Rhf8 16. f4 Kb8 17. Ne4 Nxe4 18. Qxe4 Nf6
19. Qf3 Qb6 20. c3 Qa6 21. a3 Bxa3 22. bxa3 Qxa3+ {Pewatronic schätzt diese
Stellung mit +0,1 zu seinen Gunsten ein, Stockfish +5,00 für Weiss, ich
weigere mich das weiter zu spielen, der Pewatronic macht sich lächerlich !}
1-0

[Event "Turnier 40 / 120"]
[Site "Wien"]
[Date "2021.06.25"]
[Round "48"]
[White "Mephisto Risc 2"]
[Black "Pewatronic Masterchess 24 MHz"]
[Result "1-0"]
[WhiteElo "2237"]
[BlackElo "2183"]
[PlyCount "66"]
[EventDate "2021.??.??"]

1. e4 c5 2. Nf3 d6 3. d4 cxd4 4. Nxd4 Nf6 5. Nc3 e6 6. Be2 {Buchende} Be7 7.
O-O Nc6 8. Be3 {Buchzug und gleichzeitig Buchende} a6 9. Nxc6 bxc6 10. f4 O-O
11. Qd3 Rb8 12. b3 d5 13. Rad1 Bb7 14. Bf3 dxe4 $2 {nach diesem
stümpferhaften Zug, der die Bauernstruktur irreperabel schädigt ist Schwarz
bereits verloren.} 15. Nxe4 Qa5 16. Nxf6+ Bxf6 17. a4 Rfd8 18. Qc4 Ba8 $2 {
was damit bezweckt wird ist wohl auch sein Geheimnis, Stockfish damit bereits
+2,00 für Weiss, die Stellung ist also praktisch verloren, viel besser ist
natürlich Le7.} 19. Bc5 Qc3 $2 {viel schlechter als Tbc8} 20. Qxc3 Bxc3 21.
Bd6 Rbc8 22. g4 h6 $2 {vergibt den Ausgleich der Stellung mittels c5.} 23. Rd3
Bf6 24. Rfd1 g5 $2 {diesen neuerlichen Stümperzug bewertet Stockfish mit +2,
00 für Weiss, verpasst neuerlich den Ausgleich mittel c5} 25. fxg5 Bxg5 $2 {
selbst bei nur 2 Möglichkeiten wird die schlechtere Wahl getroffen, um eine
ganze Bauerneinheit besser ist hxg5} 26. b4 f5 $2 {schwächt unnötig den
damit zurückhängenden Bauern auf e6, um 2 Bauerneinheiten schlechter als c5,
Stockfish +3,50 für Weiss.} 27. gxf5 exf5 {diese entsetzliche Bauernstrukur
mit 4 Isolanis ist nicht mehr zu verteidigen für Schwarz.,} 28. Bh5 c5 {
in seiner Verzweiflung schenkt Schwarz einen Isolani her, naja einen Trost hat
er ja, es sind nur noch 3.} 29. Bxc5 {Risc II nimmt dieses Geschenk ohne zu
zögern an, klar warum auch nicht, Weiss hat damit am Damenflügel 3 gegen 1
Bauern und der Rest ist nur noch Formsache.} Rxd3 30. Rxd3 Bc6 31. Rd6 $2 {
deutlich besser ist a5, der Risc II lässt sich hier etwas anstecken von
seinem Gegner und erlaubt sich hier auch einen schwachen Zug, der die 3
geschlossenen Bauern sprengt, aber klarerweise steht auch jetzt noch Weiss
klar auf Gewinn, das kann er sich leisten gegen diesen Gegner.} Bxa4 32. Rg6+
Kh7 33. Rxa6 Be8 $2 {also für diesen Zug habe ich keine Worte mehr, das
reicht mir an dieser Stelle 1-0} 1-0

[Event "Turnier 40 / 120"]
[Site "Wien"]
[Date "2021.06.25"]
[Round "49"]
[White "Pewatronic Masterchess 24 MHz"]
[Black "Mephisto Risc 2"]
[Result "1/2-1/2"]
[WhiteElo "2183"]
[BlackElo "2237"]
[PlyCount "103"]
[EventDate "2021.??.??"]

1. e4 c5 2. c3 d5 3. exd5 Qxd5 4. d4 e6 5. Nf3 Nc6 6. Na3 {Buchende} Nf6 7. Nb5
Qd8 8. dxc5 Bxc5 9. Qxd8+ Kxd8 {Buchende} 10. Bg5 Ke7 11. Rd1 a6 12. Nbd4 Nxd4
13. Nxd4 Rd8 14. Be3 Ba7 15. Bd3 e5 16. Nf5+ Bxf5 17. Bxf5 Rxd1+ 18. Kxd1 Bxe3
19. fxe3 Rd8+ 20. Ke2 b5 21. Rd1 Rxd1 22. Kxd1 g6 23. Bc8 a5 24. Ke2 Kd6 25.
Kd3 Nd5 26. a3 Nb6 27. Ba6 Kc5 28. b3 $2 {hier ist wieder der entscheidende
Fehler, Stockfish sieht die Fortsetzung f5 hier mit +2,00 dieser Zug verliert
also die Partie, nach b4+ wäre die Stellung annähernd gleich gewesen.} a4 {
diese Fortsetzung ist gleichwertig mit f5 und Schwarz gewinnt.} 29. c4 b4 $2 {
Der Risc II zeigt Mitleid mit seinem Gegner und verschenkt hier den Sieg, axb3
hätte die Partie sofort gewonnen, diesen Zug sieht Stockfish mit 0,00} 30.
axb4+ Kxb4 31. bxa4 Nxa4 32. Bb5 {besser ist Ke4, aber das kann man von einem
Oldie nicht verlangen, nachdem ja dann mit Sc5+ nebst Sxa6 der Läufer
verloren geht, aber der König räumt dann die Schwarzen Bauern ordentlich auf,
aber das ist jenseits der Rechentiefe eines jeden Oldies.} Nc5+ 33. Ke2 f5 34.
Be8 e4 35. g4 $2 {besser ist Lf7} fxg4 36. Bf7 Kc3 37. Bd5 h5 38. Bf7 h4 39.
Bxg6 g3 40. hxg3 hxg3 41. Bf5 Kb3 42. Kf1 Kc2 43. Ke2 g2 44. Kf2 Kd3 45. Bh7
Kd2 46. Bg8 Nd3+ 47. Kxg2 Kxe3 48. c5 Kd2 49. c6 e3 50. c7 e2 51. c8=Q e1=Q 52.
Qc4 {Userentscheid: Remis} 1/2-1/2

[Event "Turnier 40 / 120"]
[Site "Wien"]
[Date "2021.06.26"]
[Round "50"]
[White "Mephisto Risc 2"]
[Black "Pewatronic Masterchess 24 MHz"]
[Result "1-0"]
[WhiteElo "2237"]
[BlackElo "2183"]
[PlyCount "45"]
[EventDate "2021.??.??"]

1. d4 Nf6 2. c4 e5 3. dxe5 Ng4 4. Bf4 Nc6 5. Nf3 Bb4+ 6. Nbd2 Qe7 7. a3 Ngxe5
8. Nxe5 Nxe5 9. e3 Bxd2+ 10. Qxd2 d6 {Buchende} 11. Be2 O-O 12. O-O {Buchende}
Rd8 13. Rad1 Be6 14. Qc2 Qf6 15. Bg3 Bf5 16. e4 Be6 17. Rd2 Nc6 18. Rfd1 a5 19.
f4 a4 $2 {ein unsinniger Zug, Stockfish bewertet hier die Fortsetzung f5
bereits mit +3,00 für Weiss, viel besser war hier g6.} 20. f5 Bc8 $2 {
ebenfalls ein schlechter Zug besser ist noch Ld7, aber auch schon verloren
natürlich, Stockfish +5,00 für Weiss.} 21. c5 dxc5 22. Rxd8+ Nxd8 23. Bxc7 {
den Rest kann man sich schenken.} 1-0